Central Library OPAC University of Rajshahi
Normal view MARC view

Entry Personal Name

Number of records used in: 11

001 - CONTROL NUMBER

  • control field: 2077

003 - CONTROL NUMBER IDENTIFIER

  • control field: BD-RjUL

005 - DATE AND TIME OF LATEST TRANSACTION

  • control field: 20220327165930.0

008 - FIXED-LENGTH DATA ELEMENTS

  • fixed length control field: 220327|| aca||aabn | a|a d

040 ## - CATALOGING SOURCE

  • Original cataloging agency: BD-RjUL
  • Transcribing agency: BD-RjUL

100 ## - HEADING--PERSONAL NAME

  • Personal name: Islam, A. K. M. Rafiul, Supervisor

670 ## - SOURCE DATA FOUND

  • Source citation: Work cat.: (BD-RjUL)79618: Nasiruddin, Md. 2075, Genetic resource conservation and diversity studies in Potato (Solanum tuberosum L.) /, 2016